000
00323nam a2200133Ia 4500
008
231129s1983||||xx |||||||||||||| ||spa||
040
_b
spa
082
_a
813 M466co
100
_a
May Paul
245
0
_a
El corazón de Chris
260
_c
1983
264
_a
Bogotá Colombia : Círculo de Lectores
942
_2
ddc
_c
BKS
999
_c
10685
_d
10685